000 00309nam a22001337a 4500
008 260424b ||||| |||| 00| 0 eng d
020 _a9789951926201
041 _aeng
080 _8821.18
_a821.18
100 _a40
101 _aPoezi
245 _aEndërrat janë fiksion
_cVehbi Miftari
942 _2udc
_cBK
999 _c60994
_d60994